000 00414nam a2200145Ia 4500
008 100204s9999 xx 000 0 und d
082 _b7333
100 _aकुलकर्णी नलिनी द.
245 _aसुदान
260 _b"अक्षय साहित्य, पुणे 30"
300 _a64
630 _aसुदान
730 _aसुदान
942 _cBOOK
999 _c451769
_d451766